000 00719nam a22002297a 4500
999 _c20
_d20
003 AR-CdUCM
008 190220b ||||| |||| 00| 0 eng d
040 _aMUNICIPALIDAD PROVINCIAL DEL CUSCO
_cBIBLIOTECA MUNICIPAL DEL CUSCO
082 _a843 /
_bL89
100 _aLorrain, Jean
_9109
245 _aEl Señor de Phocas /
260 _aMadrid :
_bEdiciones Literarias
300 _a354 paginas. ;
_b23 cm
505 _aEl Legado -- La Opresión -- El ojo de la Princesa -- La Esfinge -- Rayo de Luz
650 _aLiteratura
_983
650 _anovela
_9110
650 _aliteratura española
_9111
650 _ahistorias
_9112
700 _aDe Battle, Carlos
_9113
942 _2ddc
_cLIBROS
945 _apjha
_d2019-02-20